000 00905nam a2200229 a 4500
003 CBULib
005 20231121095817.0
008 120913s2012 ||||||||||||||||| || u
040 _aCBULib
_bEnglish
_cCBULib
_erda
041 _aeng
050 _aUNCTAD(02)2012/7
110 _aUnited Nations Conference on Trade and Development (UNCTAD)
245 1 0 _aMobile money for business development in the East African Community: a comparative study of existing platforms and regulations
_c/ by United Nations Conference on Trade and Development (UNCTAD)
260 _aGeneva :
_bUnited Nations,
_c2012.
300 _ax, 54 pages : illustrations
336 _2rdacontent
_aText |
_btxt
337 _2rdamedia
_aUnmediated |
_bn
338 _2rdacarrier
_aVolume
_bnc
650 _aELECTRONIC COMMERCE--EAST AFRICAN COMMUNITY
942 _2mc
_c029
999 _c51349
_d51349